01816cam a22004574i 4500003000900000005001700009008004100026020001500067020001800082035002000100040003300120049000900153082001900162245010500181264008900286300004500375336002100420337002500441338002300466504005000489505014300539526001000682526001000692526001000702526001000712526000800722526000800730526000800738526000800746526000800754526000800762526000800770650002200778910002800800942001400828949013200842596000600974999015600980980005501136952016701191PE-LiUPU20250731173029.0170809s2015 miu rb 000 0 eng d a0996030530 a9780996030533 a(Sirsi) a238214 aPE-LiUPUbspacPE-LiUPUerda aPRUA04a266.36bB522000aBiblical principles for missiological issues in Africa /cBruce L. Bauer and Wagner Kuhn [editores]. 1aBerrien Springs, Michigan :bDepartment of World Mission, Andrews University,c2015. axxvii, 506 páginas ;c23 centímetros atext2rdacontent aunmediated2rdamedia avolume2rdacarrier aBibliografía : Al final de cada capítulo.0 aMission and family issues -- Mission and church growth -- Mission and pastoral care -- Mission and healing -- Mission and church identity. aSEG42 aSEG41 aSEG40 aSEG39 aP94 aP87 aP86 aP85 aP77 aP76 aP3504aMisioneszAfrica. ajckbncfcncfd20170808 2ddccBOOK a266.36 B5wDEWEYc1i76704lCCODEBUL1mBULp7.00r0sYtBOOKu2017-08-08xTEOLOGIAPP350COMPRAo.STAFF. Colección Teología a1 a266.36 B5wDEWEYc24916i76704f2021-11-10g4lCCODEBUL1mBULp7.00r0sYtBOOKu2017-8-9xTEOLOGIAPP350COMPRAo.STAFF. Colección Teologíad24916 81gALBERTO SANCHEZ Responsable de Automatización r2025-12-02 00:00:00i5l0o266.36 B5p76704te1v12.00w2017-08-09xFTyBKzinventario-2023-12-13102ddc50708GENfP35aBULbBULcGENd2017-08-09eCOMPRAg7.00